Pokračovanie procesu deregulácie cien - otvorená otázka transformácie

Vplyv regulovanej ceny na deformáciu štruktúry aj výkonnosti ekonomiky (na príklade cien nosičov energie). Úlohy a možnosti nezávislého regulátora, potenciálnej a skutočnej konkurencie. Východiská pre riešenie otázky deregulácie niektorých cien a postavenia tzv. prirodzených monopolov v budúcnosti.

Guardado en:
Detalles Bibliográficos
Autor principal: Morvay, Karol, 1973-
Formato: Capítulo de libro
Lenguaje:eslovaco
Materias:
Etiquetas: Agregar Etiqueta
Sin Etiquetas, Sea el primero en etiquetar este registro!

MARC

LEADER 00000naa a2200000 4500
001 r039049
005 20230929073141.1
041 0 |a slo 
044 |a SK 
245 1 0 |a Pokračovanie procesu deregulácie cien - otvorená otázka transformácie  |c Karol Morvay 
520 |a Vplyv regulovanej ceny na deformáciu štruktúry aj výkonnosti ekonomiky (na príklade cien nosičov energie). Úlohy a možnosti nezávislého regulátora, potenciálnej a skutočnej konkurencie. Východiská pre riešenie otázky deregulácie niektorých cien a postavenia tzv. prirodzených monopolov v budúcnosti. 
610 2 0 |a ceny 
610 2 0 |a regulácia cenová 
610 2 0 |a štruktúra ekonomická 
610 2 0 |a výkonnosť 
610 2 0 |a hospodárstvo národné 
610 2 0 |a deregulácia 
610 2 0 |a monopoly prirodzené 
100 1 |a Morvay, Karol, 1973-